000 00844nmm a2200301 a 4500
003 AR-BaBNM
005 20251128204953.0
008 011101s1985 ||||||||||||||000 | spa||
020 _a950-582-133-6
040 _cAR-BaBNM
100 1 _aCirigliano, Gustavo F.J.
245 1 0 _aFilosofía de la educación
250 _a3ª ed.
260 _aBuenos Aires
_bHumanitas
_c1985
300 0 _a202 p.
_bil., gráfs.
500 0 _aLéxico básico: p. 198-202
504 _aBibliografía p. 107-108
650 4 _aFILOSOFIA DE LA EDUCACION
650 4 _aCRISIS DE LA EDUCACION
650 4 _aENSENANZA PROGRAMADA
650 4 _aMAQUINAS DE ENSENAR
650 4 _aTECNOLOGIA EDUCATIVA
651 4 _aAmérica Latina
653 _aPROBLEMAS EDUCATIVOS
700 1 _aCaropresi, Ramón Félix
_eprologuista
942 _cBK
998 _cCarmen
999 _c9530
_d9530